| 000 | 01210cam a2200217 4500 | ||
|---|---|---|---|
| 001 | WB@3612-562 | ||
| 008 | 041125n2004 000 0 eng u | ||
| 035 | _a(Sirsi) u128160 | ||
| 245 | _aLong leaseholders to benefit | ||
| 260 | _c2004 | ||
| 490 |
_aODPM News Release _v(2004/0239) 25 November 2004 (4) |
||
| 520 | _aFrom February 2005 long leaseholders in England will have improved protection and rights within the implementation of the next phase of provisions in the Commonhold and Leasehold Reform Act 2002. Amongst other provisions, leaseholders will benefit from further protection against the threat of forfeiture, will have to receive a written demand from their landlord for the payment of ground rent before it becomes payable and will be able to choose their own buildings insurance for the property. Full details on the Act, the Orders and the Regulations are available from: http://www.hmso.gov.uk. http://www.odpm.gov.uk/pns/displaypn.cgi?pn_id=200 4_0289 | ||
| 590 | _aWB | ||
| 590 | _aWB | ||
| 650 | _aCOMMONHOLD AND LEASEHOLD REFORM ACT 2002 | ||
| 650 | _aLONG LEASEHOLDS | ||
| 650 | _aTENANTS | ||
| 650 | _aGROUND RENTS | ||
| 690 |
_aLANDLORD AND TENANT _96252 |
||
| 942 | _n0 | ||
| 999 |
_c118384 _d118384 |
||